000 01051cam a22003375i 4500
001 20230054
003 AR-RoIUNI
005 20190607122019.0
008 170906s2016 ag b 000 0 spa
010 _a 2017497602
020 _a9789871378647
035 _a(AR-BaFGC)gc0-188803/0
040 _aDLC
_cIUNIR
042 _apcc
080 _a174
100 1 _aGómez, Ariel Sergio,
_eauthor.
245 1 0 _aMuerte digna :
_bcuando el desafío es personal /
_cAriel Sergio Gómez.
246 3 _aMuertedigna
250 _a2.a edición.
264 1 _aLibertador San Martín, Entre Ríos, Argentina :
_bUniversidad Adventista del Plata Editorial,
_c[2016]
300 _a130 pages ;
_c22 cm
336 _atext
_btxt
_2rdacontent
337 _aunmediated
_bn
_2rdamedia
338 _avolume
_bnc
_2rdacarrier
650 _aTANATOLOGÍA
650 _aEUTANASIA
650 _aCALIDAD DE VIDA
906 _a0
_bibc
_corigres
_d3
_encip
_f20
_gy-gencatlg
942 _2cdu
_cBK
999 _c4717
_d4717